Govt. of
Madhya Pradesh

KRSNA (Record no. 37418)

MARC details
000 -LEADER
fixed length control field 004780000a22001690004500
003 - CONTROL NUMBER IDENTIFIER
control field MACL
005 - DATE AND TIME OF LATEST TRANSACTION
control field 20151229170035.0
008 - FIXED-LENGTH DATA ELEMENTS--GENERAL INFORMATION
fixed length control field 151229b xxu||||| |||| 00| 0 eng d
040 ## - CATALOGING SOURCE
Original cataloging agency MACL
Transcribing agency MACL
041 ## - LANGUAGE CODE
Language code of text/sound track or separate title English
082 ## - DEWEY DECIMAL CLASSIFICATION NUMBER
Classification number 294.5512/PRA
100 ## - MAIN ENTRY--PERSONAL NAME
Personal name Prabhupada, A C Bhaktivedanta Swami
9 (RLIN) 24337
245 ## - TITLE STATEMENT
Title KRSNA
Remainder of title The Supreme Personality of Godhead vol 1
260 ## - PUBLICATION, DISTRIBUTION, ETC. (IMPRINT)
Name of publisher, distributor, etc. The Bhaktivedanta book Trust
Date of publication, distribution, etc. 1970
650 ## - SUBJECT ADDED ENTRY--TOPICAL TERM
Topical term or geographic name as entry element Religion
9 (RLIN) 24338
942 ## - ADDED ENTRY ELEMENTS (KOHA)
Koha item type Books
Call number prefix 244.5512/PRA
Source of classification or shelving scheme
Holdings
Withdrawn status Lost status Source of classification or shelving scheme Damaged status Not for loan Home library Current library Date acquired Total Checkouts Full call number Barcode Date last seen Uniform Resource Identifier Price effective from Koha item type
          MACL MACL 15/04/2015   244.5512/PRA CLE015958 29/04/2015 37630 15/04/2015 Books